00688nam a2200169 a 4500008004100000050001700041100002300058245007200081260003900153300000900192350000900201490004600210710001500256995010300271999001700374952012700391080923s2007 ||||||||||||||||| || u aIBRD(08)PRWP aSambanis, Nicholas10aShort-term and long-term effects of United Nations peace operations aWashington, D.C.bWorld Bankc2007 a31p. a0.00 aWorld Bank policy research working papers aWorld Bank D0.00FCBU-MAIN LIBRARY (Kitwe)H1I0.00M4207UAVAILABLEWSep 23, 2008ZInternational Publications c57431d57431 00102lcc4070a001b001cInternational Publicationsd2022-11-30l0oIBRD(08)PRWPpZ03002859r2022-11-30w2022-11-30y002